000 01034 a2200229 4500
020 _a9780471738411
040 _aDLC
_bDLC
100 1 _aGan, Woon-Seng.
245 1 0 _aEmbedded signal processing with the Micro Signal Architecture
_cWoon-Seng Gan, Sen M. Kuo
246 3 0 _aEmbedded signal processing with the Micro Signal Architecture [electronic resource]
260 _aNew York :
_bJ. Wiley :
_bIEEE Press,
_cc2007.
300 _axix, 486 p. :
_bill. ;
_c25 cm.
538 _aMode of access: World Wide Web.
538 _aSystem requirements : Internet connectivity, World Wide Web browser, Adobe Acrobat reader required to view and print file.
650 0 _aSignal processing
_xDigital techniques.
650 0 _aEmbedded computer systems
_xProgramming.
650 0 _aComputer architecture.
700 1 _aKuo, Sen M.
710 2 _aWiley InterScience (Online service)
856 4 1 _uhttp://libproxy1.nus.edu.sg/login?url=http://www3.interscience.wiley.com/cgi-bin/homepage/?isbn=9780470112274
942 _cBK
_k621.3822 SEN
_2ddc
999 _c8592
_d8592